| 000 | 00546nam a2200169 a 4500 | ||
|---|---|---|---|
| 001 | 2736 | ||
| 003 | CO-ViMGA | ||
| 008 | 141112s2004 ck r 000 u spa d | ||
| 040 |
_aCO-ViMGA _bspa _cCO-ViMGA |
||
| 082 | 0 | 4 | _a647.95 T341 |
| 100 | 1 |
_aTejada, Blanca Dolly _951798 |
|
| 245 | 1 | 0 |
_aAdministración de sistemas de servicios de alimentación : _bcalidad, nutrición, productividad y beneficios |
| 260 |
_aMadellin : _bUniversidad de Antioquia, _c1992 |
||
| 300 | _a1050 p | ||
| 650 | 1 | 4 |
_aRESTAURANTES - ADMINISTRACION _951799 |
| 942 |
_2ddc _cBK |
||
| 999 |
_c14810 _d14810 |
||